Most Educated Countries - Statistics

General Stats
  • This quiz has been taken 47 times
  • The average score is 30 of 35
Answer Stats
% Country % Correct
48.2 Finland
100%
42.2 Belgium
98%
40.1 Denmark
98%
40.6 France
98%
34.2 Germany
98%
52.7 Japan
98%
45.3 Norway
98%
39.4 Spain
98%
44.6 Sweden
98%
49.3 United Kingdom
98%
50.1 United States
98%
60.1 Canada
95%
35.9 Greece
95%
50.7 South Korea
95%
49.5 Australia
93%
37.8 Austria
93%
46.0 Netherlands
93%
41.0 New Zealand
93%
34.8 Poland
93%
42.7 Iceland
90%
47.9 Switzerland
90%
41.9 Estonia
88%
44.1 Lithuania
88%
49.9 Ireland
85%
39.8 Latvia
85%
39.3 Slovenia
85%
51.3 Luxembourg
83%
57.8 Russia
83%
32.5 Slovakia
80%
50.1 Israel
78%
33.0 Hungary
75%
38.0 Argentina
68%
39.5 Uruguay
60%
34.1 Chile
58%
32.7 Costa Rica
30%
No matching quizzes found
Score Distribution
Percent of People with Each Score
Percentile by Number Answered
Your Score History
You have not taken this quiz